| 000 | 00974nam a2200289 a 4500 | ||
|---|---|---|---|
| 001 | 000046584 | ||
| 003 | DO-SdBNP | ||
| 005 | 20160426134433.0 | ||
| 007 | 000046584 | ||
| 008 | 150828s2004 dr ac 000 spa d | ||
| 020 | _a9945400908 | ||
| 040 |
_aBPMSU _bspa _cBPMSU |
||
| 100 | 1 | _aCuello del Orbe, Elisa Ysabel | |
| 245 | 1 | 0 |
_aRetoño 3 : _bpre-cálculo / _cElisa Ysabel Cuello del Orbe ; ilustraciones Ramón Sandoval. |
| 260 |
_aSanto Domingo : _bActualidad Escolar 2000, _c[200?]. |
||
| 300 |
_a64 p. : _bil. ; _c21 cm. |
||
| 500 | _aEducación inicial | ||
| 500 | _aLa biblioteca posee el v. 3 | ||
| 700 | 1 | 2 |
_aSandoval, Ramón, _eil. |
| 700 | 1 | 2 |
_aRosa, María del Jesús de la, _eed. |
| 930 | 1 |
_lBND01 _mLF1 _820150828 _f01 _pOI _g50385 |
|
| 942 |
_2ddc _cBK |
||
| 956 |
_aDGARCIA _b10 _c20150828 _lBND01 _h0909 |
||
| 956 |
_aVMATEO _b10 _c20150828 _lBND01 _h0937 |
||
| 956 |
_aVMATEO _b10 _c20150830 _lBPMSU _h00151 |
||
| 956 |
_aLOPEREZ _b10 _c20160426 _lBPMSU _h00041 |
||
| 999 |
_c8242 _d8242 |
||